| 000 | 00580nam a2200169 4500 | ||
|---|---|---|---|
| 001 | 112908 | ||
| 003 | ES-MaACL | ||
| 005 | 20230906185708.0 | ||
| 007 | t| | ||
| 008 | 061121s1973 sp r ||||1| spa d | ||
| 100 | 1 |
_aMurugarren, Luis. _984663 |
|
| 245 | 1 | 0 |
_aBasílica de Santa María _b: San Sebastián, su historia, arte y vida / _cLuis Murugarren. |
| 260 |
_aSan Sebastián : _bCaja de Ahorros Municipal, _c1973. |
||
| 300 |
_a55 p. con 4 lám. neg y col. ; _c24 cm. |
||
| 710 | 2 |
_aCaja de Ahorros Municipal de San Sebastián. _92300 |
|
| 852 |
_aES-MaACL _jC-53785 _bR.86549 |
||
| 999 |
_c112908 _d112908 |
||